000 00656nam a2200217Ia 4500
001 21278
003 GE_BSU
008 181216s||||||||xx |||||||||||||| ||und||
040 _cGE_BSU
245 _aАзия и Африка сегодня. № 09. (722) 2017
245 _bЕжемесячный научный журнал
245 _cГл.ред.Васильев А.В.
260 _aМосква
260 _bНаука
260 _c2017
300 _a80стр. 29см. илл.
653 _aАзия и Африка сегодня. № 09. (722) 2017
653 _aПериодика
653 _aპერიოდიკა
942 _cCR
999 _c54222
_d54222